LEADER 01505nam 2200421 450 001 000003400 005 20070503173000.0 100 $a--------d1987----km-y0itay0103----ba 101 0 $aita 102 $aIT 200 1 $aTrasmissione dei testi a stampa nel periodo moderno$eII seminario internazionale : Roma-Viterbo 27-29 giugno 1985$fa cura di Giovanni Crapulli$vvol. II 200 1 $a1 $n0000015 210 $aRoma$cEdizioni dell'Ateneo$d1987 215 $aX, 329 p., 8 c. di tav.$d24 cm. 225 1 $aLessico Intellettuale Europeo$v44 606 $aBibliologia 676 $a002 700 1$aCrapulli,$bGiovanni$0160583 801 0$aIT$bUniversità della Basilicata - B.I.A.$gRICA$2unimarc 912 $a000003400 996 $aTrasmissione dei testi a stampa nel periodo moderno$972379 997 $aUNIBAS BAS $aMONLET BAS $aMONOGR BAS $aLETTERE CAT $aMAZZEI$b01$c19991018$lBAS01$h1035 CAT $aDILEO$b20$c20000209$lBAS01$h0922 CAT $c20000913$lBAS01$h1425 CAT $c20000920$lBAS01$h1831 CAT $c20001010$lBAS01$h1634 CAT $c20050601$lBAS01$h1753 CAT $abatch$b01$c20050718$lBAS01$h1048 CAT $c20050718$lBAS01$h1107 CAT $c20050718$lBAS01$h1137 CAT $c20050718$lBAS01$h1151 CAT $aBATCH$b00$c20070503$lBAS01$h1730 FMT Z30 -1$lBAS01$LBAS01$mBOOK$1BASA1$APolo Storico-Umanistico$2DSLA$BCollezione DiSSLA$3DD/4396.2$64396-2$5D4396-2$819991027$f04$FPrestabile Didattica LEADER 02604oam 2200697 a 450 001 9910698110403321 005 20210211130012.0 035 $a(CKB)4330000000526114 035 $a(OCoLC)62366022$z(OCoLC)690787505$z(OCoLC)979588048$z(OCoLC)980056431$z(OCoLC)1011816546 035 $a(EXLCZ)994330000000526114 100 $a20051129e20042004 ua 0 101 0 $aeng 135 $aurc|||||||||| 181 $ctxt$2rdacontent 182 $cc$2rdamedia 183 $acr$2rdacarrier 200 12$aA charge we have to keep $ea road map to personal and economic freedom for people with intellectual disabilities in the 21st century /$fPresident's Committee for People with Intellectual Disabilities 210 1$aWashington, D.C. :$cPresident's Committee for People with Intellectual Disabilities,$d2004. 215 $a1 online resource (viii, 70 pages) $cillustrations 320 $aIncludes bibliographical references. 517 $aCharge We Have to Keep 606 $aIntellectual disability$zUnited States 606 $aPeople with mental disabilities$xCare$zUnited States$xPlanning 606 $aPeople with mental disabilities$xGovernment policy$zUnited States 606 $aPeople with mental disabilities$xServices for$zUnited States$xPlanning 606 $aPeople with mental disabilities$zUnited States 606 $aIntellectual disability$2fast 606 $aPeople with mental disabilities$2fast 606 $aPeople with mental disabilities$xGovernment policy$2fast 606 $aPeople with mental disabilities$xServices for$xPlanning$2fast 607 $aUnited States$2fast 615 0$aIntellectual disability 615 0$aPeople with mental disabilities$xCare$xPlanning. 615 0$aPeople with mental disabilities$xGovernment policy 615 0$aPeople with mental disabilities$xServices for$xPlanning. 615 0$aPeople with mental disabilities 615 7$aIntellectual disability. 615 7$aPeople with mental disabilities. 615 7$aPeople with mental disabilities$xGovernment policy. 615 7$aPeople with mental disabilities$xServices for$xPlanning. 801 0$bGPO 801 1$bGPO 801 2$bRCM 801 2$bSYB 801 2$bGPO 801 2$bOCLCQ 801 2$bOCLCE 801 2$bOCLCQ 801 2$bOCLCO 801 2$bOCLCQ 801 2$bCSF 801 2$bBUF 801 2$bOCLCF 801 2$bOCLCA 801 2$bOCL 801 2$bOCLCQ 801 2$bGPO 906 $aBOOK 912 $a9910698110403321 996 $aA charge we have to keep$93431760 997 $aUNINA